<?xml version="1.0" encoding="UTF-8"?>
<marc:record xmlns:marc="http://www.loc.gov/MARC21/slim">
   <marc:leader>00000nam a2200000 a 4500</marc:leader>
   <marc:datafield ind1="1" ind2=" " tag="100">
      <marc:subfield code="a">Wolz, Heiko</marc:subfield>
      <marc:subfield code="4">aut</marc:subfield>
      <marc:subfield code="e">Verfasser/-in</marc:subfield>
   </marc:datafield>
   <marc:datafield ind1=" " ind2=" " tag="653">
      <marc:subfield code="a">Fortgeschrittene LeseanfängerInnen</marc:subfield>
   </marc:datafield>
   <marc:datafield ind1="0" ind2="0" tag="245">
      <marc:subfield code="a">Bösewichte - bis zum Abwinken!</marc:subfield>
   </marc:datafield>
   <marc:datafield ind1="0" ind2="0" tag="245">
      <marc:subfield code="b">(ab 6)</marc:subfield>
   </marc:datafield>
   <marc:datafield ind1=" " ind2="1" tag="264">
      <marc:subfield code="b">Carlsen</marc:subfield>
      <marc:subfield code="c">2021</marc:subfield>
   </marc:datafield>
   <marc:datafield ind1="1" ind2=" " tag="490">
      <marc:subfield code="a">Minecraft</marc:subfield>
   </marc:datafield>
   <marc:datafield ind1="1" ind2=" " tag="520">
      <marc:subfield code="a">Endlich hat Stefan mit Hilfe seiner Freunde seine Mutter wiedergefunden. Doch sie ist mit einem Zauber belegt und kann daher nicht mit zurück in ihr Dorf kehren. Sobald sie es betritt, wird ein Illager-Überfall ausgelöst und ein Magier mit einem fiesen Fangzahnzauber erscheint. Doch wenn man ihn besiegt, erhält man ein „Totem der Unsterblichkeit“ – und das hätte Stefans Mutter gerne für ihren Sohn. Daher ist sie bereit, alle drohenden Gefahren in Kauf zu nehmen …</marc:subfield>
   </marc:datafield>
   <marc:datafield ind1=" " ind2=" " tag="020">
      <marc:subfield code="a">9783551068484</marc:subfield>
      <marc:subfield code="9">9783551068484</marc:subfield>
   </marc:datafield>
</marc:record>
